[Event "Do it quickly! #5"]
[Site "SchemingMind.com"]
[Date "2013.08.03"]
[Round "-"]
[White "Arcenio Acacio"]
[Black "alexyongpohweng"]
[Result "1-0"]
[WhiteCountry "VEN"]
[BlackCountry "MAS"]
[WhiteElo "1702"]
[WhiteRD "143"]
[BlackElo "1089"]
[BlackRD "113"]
[GameID "336147"]

1. e4 e5 2. Nf3 d6 3. d4 exd4 4. Qxd4 Nc6 5. Bb5 Bd7 6. Bxc6 Bxc6 7. Nc3 Nf6 8. Bg5 Be7 9. O-O O-O 10. Bxf6 Bxf6
11. Qe3 Bxc3 12. Qxc3 Bxe4 13. Rfe1 Bxf3 14. Qxf3 Rb8 15. Re3 c6 16. Rae1 Qd7 17. Re7 Qd8 18. h3 Qb6 19. Rd7 Qxb2 20. Ree7 Qc1+
21. Kh2 Qxc2 22. Rxf7 Rxf7 23. Qxf7+
1-0

[Event "Do it quickly! #5"]
[Site "SchemingMind.com"]
[Date "2013.08.03"]
[Round "-"]
[White "Arcenio Acacio"]
[Black "emvarela"]
[Result "1-0"]
[WhiteCountry "VEN"]
[BlackCountry "ARG"]
[WhiteElo "1814"]
[WhiteRD "109"]
[BlackElo "1741"]
[BlackRD "47"]
[GameID "336148"]

1. e4 e5 2. Nf3 Nc6 3. d4 exd4 4. Nxd4 Bc5 5. Nxc6 Qf6 6. Qd2 dxc6 7. Qf4 Be6 8. Bd3 Qxf4 9. Bxf4 O-O-O 10. Ke2 Nf6
11. f3 Rhe8 12. Nc3 h6 13. h4 Nh5 14. Bh2 f6 15. g4 Bb4 16. gxh5 Bxc3 17. bxc3 f5 18. Rhg1 fxe4 19. fxe4 Bf7 20. Rxg7 Bxh5+
21. Ke3 Rf8 22. Rxc7+
1-0

[Event "Do it quickly! #5"]
[Site "SchemingMind.com"]
[Date "2013.08.03"]
[Round "-"]
[White "Arcenio Acacio"]
[Black "Michal Drus"]
[Result "1-0"]
[WhiteCountry "VEN"]
[BlackCountry "POL"]
[WhiteElo "1814"]
[WhiteRD "109"]
[BlackElo "1644"]
[BlackRD "70"]
[GameID "336149"]

1. e4 c6 2. d4 d5 3. Nc3 dxe4 4. Nxe4 Nf6 5. Nxf6+ exf6 6. Nf3 Bg4 7. c3 c5 8. Bb5+ Nd7 9. O-O a6 10. Re1+ Be7
11. Be2 O-O 12. h3 Bh5 13. Be3 Qb6 14. b3 cxd4 15. Nxd4 Bxe2 16. Rxe2 Bc5 17. Nf5 Rad8 18. Rd2 Bxe3 19. Nxe3 Ne5 20. c4 Rfe8
21. Nd5 Qc6 22. Ne7+ Rxe7 23. Rxd8+ Re8 24. Rxe8+ Qxe8 25. Qd5 Qe7 26. Rd1 Kf8 27. Qd8+ Qe8 28. Qc7 Nc6 29. Qxb7 Qe2 30. Qc8+ Qe8
31. Qxa6 Ne5 32. b4 g5 33. Qxf6 Nc6 34. Qh8+
1-0

[Event "Do it quickly! #5"]
[Site "SchemingMind.com"]
[Date "2013.08.03"]
[Round "-"]
[White "Arcenio Acacio"]
[Black "ray winteringham"]
[Result "1-0"]
[WhiteCountry "VEN"]
[BlackCountry "ENG"]
[WhiteElo "1702"]
[WhiteRD "143"]
[BlackElo "1575"]
[BlackRD "50"]
[GameID "336150"]

1. e4 e5 2. Nf3 d6 3. d4 Bd7 4. Bc4 exd4 5. Qxd4 Nc6 6. Qd1 Nf6 7. Nc3 Be7 8. O-O O-O 9. Bg5 h6 10. Bh4 a6
11. Qd2 Nxe4 12. Nxe4 Bxh4 13. Ng3 Kh8 14. c3 Na5 15. Bd3 b5 16. b3 c5 17. Be4 Bc6 18. Bxc6 Nxc6 19. Nxh4 Qxh4 20. Qxd6 Qf6
21. Qxf6 gxf6 22. Ne4 f5 23. Nxc5 Rfc8 24. b4 Ne5 25. Rfe1 f6 26. f4 Nc4 27. Re7 Rg8 28. Rd1 Rge8 29. Rf7 Rf8 30. Rdd7 Nb6
31. Rh7+
1-0

[Event "Do it quickly! #5"]
[Site "SchemingMind.com"]
[Date "2013.08.02"]
[Round "-"]
[White "Arcenio Acacio"]
[Black "DefensaSiciliana"]
[Result "1-0"]
[WhiteCountry "VEN"]
[BlackCountry "ESP"]
[WhiteElo "1814"]
[WhiteRD "109"]
[BlackElo "1302"]
[BlackRD "89"]
[GameID "336151"]

1. e4 Nf6 2. e5 Nd5 3. c4 Nb6 4. Nf3 d6 5. Nc3 Nc6 6. exd6 exd6 7. Be2 Be7 8. O-O O-O 9. d4 Bg4 10. b3 Bf6
11. Bb2 Bxf3 12. Bxf3 Bxd4 13. Bxc6 Bxc3 14. Bxc3 bxc6 15. Qg4 f6 16. Rfe1 Qd7 17. Qg3 Rae8 18. Rxe8 Qxe8 19. Re1 Qd7 20. h3 c5
21. Re4 c6 22. Qe3
1-0

[Event "Do it quickly! #5"]
[Site "SchemingMind.com"]
[Date "2013.08.02"]
[Round "-"]
[White "Arcenio Acacio"]
[Black "SAMAEL"]
[Result "1-0"]
[WhiteCountry "VEN"]
[BlackCountry "CAN"]
[WhiteElo "1814"]
[WhiteRD "109"]
[BlackElo "1744"]
[BlackRD "62"]
[GameID "336152"]

1. e4 e5 2. Nf3 Nc6 3. Nc3 Nf6 4. Bc4 h6 5. O-O a6 6. d4 exd4 7. Nxd4 Be7 8. Nxc6 bxc6 9. e5 Nh7 10. Qf3 O-O
11. Qg3 Bg5 12. f4 Bh4 13. Qf3 Rb8 14. Ne4 Bb7 15. f5 Bg5 16. f6 gxf6 17. Nxf6+ Nxf6 18. Bxg5 hxg5 19. exf6 c5 20. Qf5 d5
21. Qxg5+
1-0

[Event "Do it quickly! #5"]
[Site "SchemingMind.com"]
[Date "2013.08.03"]
[Round "-"]
[White "alexyongpohweng"]
[Black "Arcenio Acacio"]
[Result "0-1"]
[WhiteCountry "MAS"]
[BlackCountry "VEN"]
[WhiteElo "1089"]
[WhiteRD "113"]
[BlackElo "1702"]
[BlackRD "143"]
[GameID "336153"]

1. e4 e5 2. Qh5 Nc6 3. Bc4 Qe7 4. a3 Nf6 5. Qf3 d6 6. Nc3 Bg4 7. Qe3 Be6 8. Bb5 Bd7 9. Nd5 Nxd5 10. exd5 Nd4
11. Bxd7+ Qxd7 12. Qc3 Be7 13. Nf3 Nxf3+ 14. Qxf3 O-O 15. O-O f5 16. d3 Rf6 17. Bg5 Rg6 18. Bxe7 Qxe7 19. Qxf5 Rf8 20. Qe4 Rf4
21. Qe3 Rfg4 22. g3 Qh4 23. Qf3 Rh6 24. Qg2 Qg5 25. f3 Rd4 26. h4 Qe3+ 27. Rf2 Rxd5 28. Qf1 Rc5 29. Rc1 Rf6 30. Kg2 d5
31. Re1 Qh6 32. Rxe5 Rfc6 33. Re8+ Kf7 34. Ree2 Qf6 35. c3 d4 36. c4 Re6 37. Rc2 Rce5 38. Qg1 Re1 39. Qh2 Rd1 40. Rf1 Rxd3
41. a4 Rde3 42. f4 d3 43. Rd2 Re2+ 44. Rxe2 Rxe2+ 45. Rf2 Rxf2+ 46. Kxf2 Qxb2+
0-1

[Event "Do it quickly! #5"]
[Site "SchemingMind.com"]
[Date "2013.08.03"]
[Round "-"]
[White "emvarela"]
[Black "Arcenio Acacio"]
[Result "0-1"]
[WhiteCountry "ARG"]
[BlackCountry "VEN"]
[WhiteElo "1767"]
[WhiteRD "50"]
[BlackElo "1899"]
[BlackRD "94"]
[GameID "336154"]

1. e4 c5 2. Nf3 Nc6 3. d4 cxd4 4. Nxd4 Nf6 5. Nc3 e5 6. Ndb5 a6 7. Nd6+ Bxd6 8. Qxd6 Qe7 9. Qxe7+ Nxe7 10. Bg5 Nfg8
11. O-O-O h6 12. Bxe7 Nxe7 13. Nd5 Nxd5 14. exd5 d6 15. c4 Bf5 16. Bd3 Bxd3 17. Rxd3 Rc8 18. Rc3 Ke7 19. Kd2 Rc7 20. b3 Rhc8
21. Rhc1 f5 22. a4 a5 23. f3 g5 24. Kd3 h5 25. g3 b6 26. h3 Rg8 27. b4 axb4 28. Rb3 g4 29. hxg4 hxg4 30. f4 e4+
31. Kd4 Rh8 32. Rxb4 Rh3 33. Rc3 Rh1 34. Rxb6 Rd1+ 35. Ke3 Rxd5 36. Rb5 Rdc5 37. Rxc5 dxc5 38. a5 Kd6 39. Rd3+ exd3
0-1

[Event "Do it quickly! #5"]
[Site "SchemingMind.com"]
[Date "2013.08.03"]
[Round "-"]
[White "Michal Drus"]
[Black "Arcenio Acacio"]
[Result "0-1"]
[WhiteCountry "POL"]
[BlackCountry "VEN"]
[WhiteElo "1644"]
[WhiteRD "70"]
[BlackElo "1814"]
[BlackRD "109"]
[GameID "336155"]

1. e4 c5 2. Nf3 e6 3. d4 cxd4 4. Nxd4 Nf6 5. Nc3 Bb4 6. e5 Nd5 7. Bd2 Nxc3 8. Bxc3 Bxc3+ 9. bxc3 Qa5 10. Qf3 Qxe5+
11. Be2 Nc6 12. O-O-O Qa5 13. Bc4 Ne5 14. Qf4 Nxc4 15. Rde1 O-O 16. Nb3 Qa3+ 17. Kd1 d5 18. Nd2 Qxa2 19. Ke2 Qxc2 20. Rc1 Qxd2+
21. Qxd2 Nxd2 22. Kxd2 Bd7 23. Rhe1 a5 24. c4 Rfc8 25. c5 Rc6 26. Kd3 a4 27. Kd4 a3 28. Re2 Ra4+ 29. Kc3 Rxc5+
0-1

[Event "Do it quickly! #5"]
[Site "SchemingMind.com"]
[Date "2013.08.03"]
[Round "-"]
[White "ray winteringham"]
[Black "Arcenio Acacio"]
[Result "0-1"]
[WhiteCountry "ENG"]
[BlackCountry "VEN"]
[WhiteElo "1575"]
[WhiteRD "50"]
[BlackElo "1702"]
[BlackRD "143"]
[GameID "336156"]

1. e4 c5 2. Nf3 d6 3. Bc4 Nf6 4. d3 e6 5. O-O Be7 6. Nc3 O-O 7. Bf4 a6 8. h3 Nc6 9. a3 d5 10. exd5 exd5
11. Bb3 Be6 12. Bh2 d4 13. Bxe6 fxe6 14. Ne2 Nd5 15. Qd2 Qe8 16. c3 Rc8 17. cxd4 cxd4 18. Nexd4 Bf6 19. Nxc6 Rxc6 20. Rfe1 Qd7
21. Be5 Rfc8 22. Qd1 Rc2 23. Nd4 Rxb2 24. Bxf6 Nxf6 25. Nxe6 Rcc2 26. Rb1 Rxf2 27. Rxb2 Rxb2 28. Qc1 Rb5 29. Qc4 Rd5 30. Qb3 Kh8
31. Nf4 Rb5 32. Qd1 Qd4+ 33. Kh1 Qxf4 34. Qh5 Rxh5
0-1

[Event "Do it quickly! #5"]
[Site "SchemingMind.com"]
[Date "2013.08.03"]
[Round "-"]
[White "DefensaSiciliana"]
[Black "Arcenio Acacio"]
[Result "1-0"]
[WhiteCountry "ESP"]
[BlackCountry "VEN"]
[WhiteElo "1302"]
[WhiteRD "89"]
[BlackElo "1814"]
[BlackRD "109"]
[GameID "336157"]

1. e4 c6 2. d4 d5 3. Nc3 dxe4 4. Nxe4 Bf5 5. Ng3 Bg6 6. h4 h6 7. Nf3 Nf6 8. Ne5 Bh7 9. Bd3 e6 10. Bxh7 Nxh7
11. Qh5 Qc7 12. Qf3 Nf6 13. O-O Nbd7 14. Re1 Bd6 15. Nf5 Nxe5 16. Nxd6+ Qxd6 17. dxe5 Qb4 18. c3 Qxh4 19. exf6 gxf6 20. Re4
1-0

[Event "Do it quickly! #5"]
[Site "SchemingMind.com"]
[Date "2013.08.02"]
[Round "-"]
[White "SAMAEL"]
[Black "Arcenio Acacio"]
[Result "0-1"]
[WhiteCountry "CAN"]
[BlackCountry "VEN"]
[WhiteElo "1672"]
[WhiteRD "57"]
[BlackElo "1899"]
[BlackRD "94"]
[GameID "336158"]

1. e4 e6 2. Nf3 d5 3. exd5 exd5 4. d4 Nf6 5. Nc3 Be7 6. Be2 O-O 7. O-O Bg4 8. Bf4 c6 9. h3 Bh5 10. Nh2 Bxe2
11. Nxe2 Re8 12. Re1 Nbd7 13. c3 Nf8 14. Ng3 Ng6 15. Be3 Bd6 16. Nf5 Bc7 17. Ng4 h5 18. Nxf6+ Qxf6 19. Qxh5 Nf4 20. Bxf4 Bxf4
21. Ne3 g6 22. Qf3 Qd6 23. g3 Bh6 24. Ng4 Bg7 25. Kf1 a5 26. Rxe8+ Rxe8 27. Re1 Rxe1+ 28. Kxe1 a4 29. Qe3 Qd7 30. f4 Qf5
31. Qc1 Qe4+ 32. Kf2 b5 33. a3 Qd3 34. Qe3 Qc2+ 35. Qe2 Qb3 36. Ne3 Qa2 37. Qc2 Kf8 38. g4 Kg8 39. f5 g5 40. Kg3 Bf6
41. Ng2 Qa1 42. Qe2 Kg7 43. Ne1 Qc1 44. Nf3 Qf4+ 45. Kg2 Qb8 46. Qe3 Qd8 47. Kf2 Be7 48. Kg2 Bf6 49. Kf2 Qh8 50. Nxg5 Qh4+
51. Kg2 Qxg5
0-1